Trudny Quiz wiedzy o Polsce - Statystyki

Ogólne statystyki
  • Ten quiz został rozwiązany 28 razy
    18 od ostatniego zresetowania
  • Średni wynik to 8 z 23
Statystyki odpowiedzi
Podpowiedź Odpowiedź % Poprawnych
4. Podaj pseudonim literacki Aleksandra Głowackiego. Bolesław Prus
69%
17. Marian Rejewski, Jerzy Różycki i Henryk Zygalski – podaj nazwę niemieckiej maszyny szyfrującej, której kod złamali ci polscy matematycy w 1932 roku. Enigma
63%
1. Podaj imiona i przydomki władców Polski, którzy panowali w czasie następujących wydarzeń:
wydanie statutu o sukcesji (1138)
Pierwsza podróż dookoła świata Magellana (1519–1522)
Początek Potopu Szwedzkiego (1655)
Jan II Kazimierz
63%
1. Podaj imiona i przydomki władców Polski, którzy panowali w czasie następujących wydarzeń:wydanie statutu o sukcesji (1138) Pierwsza podróż dookoła świata Magellana (1519–1522) Początek Potopu Szwedzkiego (1655) Bolesław III Krzywousty
56%
16. Podaj imię i nazwisko pierwszego polskiego kosmonauty, który w 1978 roku odbył lot na pokładzie statku Sojuz 30. Mirosław Hermaszewski
56%
8. Podaj nazwisko polskiego sportowca, który jako jedyny w historii polskiego sportu zdobył cztery złote medale olimpijskie, w tym dwa na jednych igrzyskach (Sydney 2000). Robert Korzeniowski
56%
7. W którym nieeuropejskim kraju znajduje się druga pod względem liczebności (po USA i Niemczech) polska diaspora na świecie, której liczebność szacuje się na ok. 1,5–2 mln osób? (Stan na rok 2023) Brazylia
50%
20. Wybitny tekściarz i autor librett, twórca słów do takich przebojów jak „To nie ja!” (Edyta Górniak), „Jaka róża, taki cierń” (Edyta Geppert), „Czas nas uczy pogody” oraz „Zawsze tam, gdzie ty” (Lady Pank). Jacek Cygan
44%
2. Z którego polskiego miasta wywodzi się zespół Republika? To tam, w studenckim klubie „Od Nowa”, Grzegorz Ciechowski i koledzy wypracowali swój charakterystyczny styl. Toruń
44%
9. Jak nazywa się jedyny gatunek żółwia występujący naturalnie w środowisku dzikim na terenie Polski? Żółw błotny
44%
11. Podaj pseudonim literacki szlachcica polskiego pochodzenia, który stał się jednym z najwybitniejszych pisarzy anglojęzycznych oraz autorem między innymi „Jądra ciemności” i „Lord Jima”. Joseph Conrad (Józef Teodor Konrad Korzeniowski)
38%
1. Podaj imiona i przydomki władców Polski, którzy panowali w czasie następujących wydarzeń: wydanie statutu o sukcesji (1138) Pierwsza podróż dookoła świata Magellana (1519–1522) Początek Potopu Szwedzkiego (1655) Zygmunt I Stary
38%
10.Wymień nazwiska dwóch wybitnych artystów, którzy stworzyli i prowadzili legendarny telewizyjny „Kabaret Starszych Panów”. Jeremi Przybora
31%
18. Podaj nazwisko Polaka, który w 2009 roku został pośmiertnie mianowany Honorowym Obywatelem USA jako jedna z zaledwie ośmiu osób w historii. Kazimierz Pułaski
25%
15. Podaj nazwisko wybitnego polskiego kompozytora, autora wstrząsającego utworu „Tren Ofiarom Hiroszimy”, który stał się manifestem polskiej szkoły sonoryzmu. Krzysztof Penderecki
25%
10.Wymień nazwiska dwóch wybitnych artystów, którzy stworzyli i prowadzili legendarny telewizyjny „Kabaret Starszych Panów”. Jerzy Wasowski
19%
3. Podaj nazwisko wybitnego polskiego kompozytora, twórcy słynnego „Krzesanego”, który zdobył światową sławę pisząc muzykę do filmu Francisa Forda Coppoli „Dracula”. Wojciech Kilar
19%
19. Podaj nazwę jerozolimskiego instytutu, który w 1965 roku przyznał Irenie Sendlerowej tytuł Sprawiedliwej wśród Narodów Świata za ratowanie dzieci z warszawskiego getta. Yad Vashem
19%
6. Które dolnośląskie miasto jako pierwsze na obecnych ziemiach polskich otrzymało formalne prawa miejskie (magdeburskie) w 1211 roku? Złotoryja
19%
13. Podaj imię i nazwisko wybitnego polskiego aktora, który wcielił się w mroczną postać gangstera Daria w serialu „Ślepnąc od świateł” oraz zagrał m.in. w filmach „Pręgi”, „Pornografia” i „Wyjazd integracyjny”. Jan Frycz
13%
5. Podaj nazwę najstarszego polskiego parku narodowego. Pobliskimi atrakcjami turystycznymi są również ruiny Zamku w Czorsztynie i Zamek w Niedzicy. Pieniński PN
13%
14. Co według przysłowia idzie do morza na świętego Grzegorza? Zima
13%
12. Jak nazywa się najstarsze drzewo w Polsce, którego wiek szacuje się na ok. 1300 lat? Cis Henrykowski
6%
Nie znaleziono quizów pasujących do podanych kryteriów
Rozkład punktacji
Procent ludzi z każdym wynikiem
Percentyl według liczby udzielonych odpowiedzi
Twoja historia wyników
Nie rozwiązałeś tego quizu od ostatniego zresetowania